| 000 | 00565nam a2200205 a 4500 | ||
|---|---|---|---|
| 005 | 20210219152819.0 | ||
| 008 | 991125n 000 0 spa u | ||
| 035 | _aUPN01000062228 | ||
| 100 | _aDAVIDSON SAN JUAN, Luis J. | ||
| 222 | _aEDUCACIÓN (CUBA) | ||
| 245 | _aLa 28a Olimpiada Internacional de Matemática | ||
| 300 | _a15-22 | ||
| 362 | _a1987 Año 17, no. 67, oct.-dic. | ||
| 653 | 0 | _aENSEÑANZA | |
| 653 | 0 | _aMATEMATICAS | |
| 653 | 0 | _aMOTIVACION | |
| 653 | 0 | _aOLIMPIADA INTERNACIONAL DE MATEMATICA | |
| 904 |
_aAC _b000039 |
||
| 905 | _aArticulo | ||
| 999 |
_c61586 _d61586 |
||